| 000 | 00536nam a2200205Ia 4500 | ||
|---|---|---|---|
| 005 | 20260429112204.0 | ||
| 008 | 260429s9999||||xx |||||||||||||| ||und|| | ||
| 020 | _a9789355273482 | ||
| 041 | _aEnglish | ||
| 082 |
_a491.2 _bCAP |
||
| 100 | _aCappeller, Carl | ||
| 245 | 0 |
_aSanskrit English dictionary / _cCarl Cappeller |
|
| 250 | _a1st ed. | ||
| 260 |
_aChennai : _bMaven Books, _c2023. |
||
| 300 | _aviii, 672 p.; pbk | ||
| 650 | _a Dictionaries | ||
| 650 | _a English language | ||
| 650 | _aSanskrit language | ||
| 942 | _cTB | ||
| 999 |
_c52799 _d52799 |
||